| 000 | 00475nam a22001457a 4500 | ||
|---|---|---|---|
| 082 | _aP-231 | ||
| 100 |
_aKhalid Mahmood _947924 |
||
| 245 |
_aDesign of a Dual Purpose Bunker for the Farward Areas of Pakistan an (Plain Regions) Against the Direct hit fom 105 MM Howitzer Shell _cAhmad Khan |
||
| 260 |
_aMCE Risalpur _c13-05-2002 |
||
| 300 |
_a82 p.: _bill.; |
||
| 526 |
_a0 _b0 _c0 _dP_231 |
||
| 650 | _aProject | ||
| 710 |
_aFaisal Mubarak Shabbir _947925 |
||
| 942 |
_2ddc _cBK |
||
| 999 |
_c551007 _d551007 |
||